000 00738nam a2200193Ia 4500
999 _c42524
_d42524
001 9221
003 GE_BSU
005 20240610154041.0
008 181216s2002||||ru |||||||||||||| ||rus||
020 _a5943870180
040 _cGE_BSU
080 _a004.738.5 Ф-59
100 _aФинков, М. В.
_922380
245 _aИнтернет шаг второй :
_bлот поьзователя к профессионалу /
_cМ.В. Финков ; Под ред. С. П. Корякина-Черняка.
264 _aСПБ :
_bНаука и техника,
_c2002.
300 _a768 стр. ;
_bилл.
653 _aИнтернет шаг второй:от пользователя к профессионалу
942 _cBK
_2udc